| 000 | 00685nam a22002297a 4500 | ||
|---|---|---|---|
| 999 |
_c40906 _d40906 |
||
| 001 | 11830 | ||
| 003 | CO-MdFUSB | ||
| 005 | 20171117084110.0 | ||
| 008 | 171117n[ ] xxu||||| |||| 00| 0 eng d | ||
| 040 |
_aCO-MdFUSB _bspa _cCO-MdFUSB _dCO-MdFUSBC _erda |
||
| 041 | 0 | _aeng | |
| 082 | 0 | 4 | _aG 225.92 M1588s |
| 100 | 1 |
_aMackintosh, C. H. (Charles Henry) (1820-1896) _eautor |
|
| 245 | 1 | 0 |
_aSimon Peter _b: His life and its lessons _c/ C. H. M. |
| 264 | 1 |
_aNew York, N.Y., USA : _bLoizeaux, _c[ ] |
|
| 300 | _a88 Pag | ||
| 336 |
_2rdacontent _atexto _btxt |
||
| 337 |
_2rdamedia _asin mediación _bn |
||
| 338 |
_2rdacarrier _avolumen _bnc |
||
| 653 | _aPedro (apóstol) | ||
| 942 | _cBK | ||